000 00431nam a2200169 a 4500
001 0000-9079
003 ELIB.Books
008 110520 1957
035 _a(ELIB.Books)0000-9228
082 _a225.7
_bGut
100 _aGuthrie, Donald
245 _aTyndale (The Pastoral Epistles)
260 _bLondon: The Tyndale Press
_c1957
650 _aCommentaries
942 _2ddc
_cBK
998 _cbat
_e2011-05-20
999 _c9079
_d9079